Представление документа в формате MARC21

Поле Инд. ПП Название Значение
Тип записи a
Библиографический уровень b
001 Контрольный номер UNIDUBNAc594e7f1464f4109b01e839f381054f5
005 Дата корректировки 20250813155313.0
008 Кодируемые данные 20170331
040 b Код языка каталог. rus
e Правила каталог. PSBO
041 0_ a Код языка текста rus
084 a Индекс другой классификации/Индекс ББК 60.90
100 1_ a Автор Фирсов М. В.
q Полное имя Фирсов Михаил Васильевич
100 1_ a Автор Карпунина А. В.
q Полное имя Карпунина Анастасия Владимировна
100 1_ a Автор Панов А. М.
q Полное имя Панов Андрей Михайлович
245 10 a Заглавие Развитие социальной работы в России: результаты социологического исследования
520 0_ a Аннотация Статья содержит результаты анализа эмпирического исследования современного состояния социальной работы как области научного знания, специальности / направления высшего образования, профессиональной сферы, проведенного с целью определения перспектив их развития и выявления имеющихся проблем. В 2022 году на вопросы предложенной анкеты ответили 113 представителей академического и профессионального сообщества из большинства регионов России.
650 14 a Основная рубрика социальная работа
a Основная рубрика теория социальной работы
653 0_ a Ключевые слова научная деятельность
a Ключевые слова подготовка кадров
a Ключевые слова подготовка социальных работников
a Ключевые слова подготовка специалистов
a Ключевые слова профессиональное образование
a Ключевые слова профессиональные компетенции
a Ключевые слова Россия
a Ключевые слова социальная поддержка
a Ключевые слова социальная политика
a Ключевые слова социальная реальность
a Ключевые слова социальное благополучие
a Ключевые слова социальное государство
a Ключевые слова социальное обслуживание
a Ключевые слова социальные услуги
a Ключевые слова теоретико-методологические основы
773 08 t Заглавие источника Отечественный журнал социальной работы
d Дата издания источника 2023
g Прочая информация № 4. - С. 57 - 79 : 21 табл.
w Контрольный № источника UNIDUBNA8519d4f2c1714d859c3e1f0162350cf7
901 t Тип документа b